000
00272nam a22001217a 4500
008
170726b xxu||||| |||| 00| 0 eng d
041
_a
eng
080
_a
004
100
_a
30
101
_a
shk
245
_a
INFORMATION AND COMPUTER SCIENCE
_c
KIMBLE,G.W
942
_2
udc
_c
BK
999
_c
21899
_d
21899